000 00317pab a2200145 454500
008 180718b1987 xxu||||| |||| 00| 0 eng d
100 _aRane, M.A.
245 _aA fundamental human right
260 _c1987
300 _a13-15
362 _a29 Mar.
650 _aCivil Liberties
773 _aJanata
909 _a5639
999 _c5639
_d5639